| 000 | 00457nam a22001217a 4500 | ||
|---|---|---|---|
| 999 |
_c9786 _d9786 |
||
| 003 | OSt | ||
| 008 | 201203b ||||| |||| 00| 0 eng d | ||
| 245 | _aThe ICFAI University Journal of Organizational Behaviour | ||
| 250 | _a2013(Apr Vol.12 No.2, Jul Vol.12 No.3, Oct Vol.12 No.4) 2014(Jan Vol.13 No.1, Apr Vol.13 No.2, Jul Vol.13 No.3, Oct Vol.13 No.4) | ||
| 260 |
_aHyderabad, Andhra Pradesh _bICFAI University Press |
||
| 650 | _aManagement | ||
| 942 |
_2ddc _cBV |
||